Gorillaz - Statistics

General Stats
  • This quiz has been taken 460 times
    433 since last reset
  • The average score is 7 of 11
Answer Stats
Hint Answer % Correct
What colour is 2-D's hair? Azure
97%
Where was Noodle born? Japan
91%
Who is the leader of the Gorillaz? Murdoc Niccals
86%
What is Murdoc's last name? Niccals
83%
What replaced noodle? Cyborg noodle
79%
What is 2-D's real name? Stuart Pot
68%
Where did 2-D work when he got vegetablized ? Keyboard Shop
45%
Who is the mysterious figure that stalks Murdoc in hopes of stealing his soul? The Boogieman
44%
According to Murdoc, what is the proper way to cook an eel? MELT IT'S FACE!
41%
Why was Noodle made? Japanese super-soldier
15%
Where was Russel found? Big Rick Black's Music Shack
11%
No matching quizzes found
Score Distribution
Percent of People with Each Score
Percentile by Number Answered
Your Score History
You have not taken this quiz since the last reset